1378 1615 1173 1877 1941 1756 1759 1496 1112 1988 1804 1099 1107 1789 1401 1569 1532 1427 1798 1598 1248 1450 1792 1955 1357 1629 1553 1783 1842 1473 1268 1022 1227 1506 1753 1763 1458 1008 1158 1154 1906 1675 1512 1118 1029 1597 1634 1099 1068 1886 1710 1823 1862 1418 1795 1534 1356 1158 1667 1221 1869 1995 1437 1364 1699 1327 1899 1577 1982 1779 1569 1476 1521 1793 1912 1885 1832 1283 1973 1776 1897 1080 1253 1554 1654 1011 1646 1147 1122 1355 1954 1814 1117 1054 1744 1762 1933 1435 1501 BCNSPRNW ULIB Ver.6.0+V

เปลี่ยนเป็นภาษาไทย

Change to English
 แสดงรายละเอียดบรรณานุกรม
  กลับหน้าหลัก

Brief Record : Get Marc (ISO 2709) : E-mail record : QR code < ปิดหน้าต่าง
LEADER : 00000nam 2200000uu 4500
001    13399113575
003     ULIB
008    020711s2551 th a 000 0 tha d
020    ^a9789741373604
090    นว.P111ห 2551
100    ^aPink devil
245    ^aหนุ่มแสบสาววุ่น ชุลมุนโรงเรียนปีศาจ 3/^cPink devil
250    ^aพิมพ์ครั้งที่ 1
260    ^aกรุงเทพฯ :^bZ-Girl Fantasy,^c2551
300    ^a472 หน้า
945    ^p270^l0^i024500
999 ^a ทศพร
รายการนี้ยังไม่มีแท็ก
คุณยังไม่ได้ล็อกอิน คุณสามารถมีกิจกรรมร่วมกับเว็บไซต์ได้ แต่ต้องล็อกอินก่อน ::
  ล็อกอิน

รายการสื่อสารสนเทศ

ลำดับที่ ประเภท เลขเรียก/บาร์โค้ด สถานที่ สถานะ
1. นวนิยาย
นวนิยาย
นว.P111ห 2551 ฉ.1 
  Barcode: 024500
ห้องสมุดวิทยาเขตสวรรค์ประชารักษ์
►นวนิยาย
บนชั้น
  ขอยืม

BibComment


ยังไม่เคยถูกคอมเมนท์

คอมเมนท์ทรัพยากรรายการนี้
  คอมเมนท์: หนุ่มแสบสาววุ่น ..


 Copyright 2026. Bcnsprnw @Library